2022 FIFA World Cup Group C - Mexico - Poland - Statistics

General Stats
  • This quiz has been taken 100 times
  • The average score is 16 of 30
Answer Stats
Player % Correct
Robert Lewandowski
96%
Guillermo Ochoa
89%
Wojciech Szczęsny
80%
Hirving Lozano
77%
Piotr Zieliński
72%
Kamil Glik
70%
Raúl Jiménez
70%
Arkadiusz Milik
67%
Edson Álvarez
65%
Matty Cash
65%
Grzegorz Krychowiak
61%
Héctor Herrera
59%
Alexis Vega
49%
Henry Martín
49%
Jakub Kiwior
48%
Nicola Zalewski
47%
Bartosz Bereszyński
46%
Jorge Sánchez
46%
Sebastian Szymański
43%
Czesław Michniewicz
42%
Héctor Moreno
41%
Krystian Bielik
41%
César Montes
39%
Jesús Gallardo
38%
Gerardo Martino
37%
Przemysław Frankowski
37%
Luis Chávez
35%
Jakub Kamiński
25%
Uriel Antuna
24%
Carlos Rodríguez
23%
No matching quizzes found
Score Distribution
Percent of People with Each Score
Percentile by Number Answered
Your Score History
You have not taken this quiz